000 00286nam a22001337a 4500
008 170719b xxu||||| |||| 00| 0 eng d
020 _a0815623232
041 _aeng
080 _a2
100 _a24
101 _aTEO
245 _aISLAM AND POLITICS
_cESPOSITO, J.L
942 _2udc
_cBK
999 _c21502
_d21502